Hansine Solstad / (Record no. 58831)

MARC details
000 -LEADER
campo de control de longitud fija 00736nam a2200229 i 4500
001 - NÚMERO DE CONTROL
campo de control 58831
003 - IDENTIFICADOR DE NÚMERO DE CONTROL
campo de control ES-MaACL
005 - FECHA Y HORA DE LA ÚLTIMA TRANSACCIÓN
campo de control 20250927103014.0
007 - CAMPO FIJO DE DESCRIPCIÓN FÍSICA--INFORMACIÓN GENERAL
campo de control de longitud fija t|
008 - DATOS DE LONGITUD FIJA--INFORMACIÓN GENERAL
campo de control de longitud fija 031024s1928 fr ||||1| fre d
100 1# - ENTRADA PRINCIPAL--NOMBRE DE PERSONA
Nombre de persona Egg, Peter.
9 (RLIN) 46718
245 10 - MENCIÓN DEL TÍTULO
Título Hansine Solstad /
Mención de responsabilidad, etc. Peter Egge ; traduit du norvégien par P. G. La Chesnais.
260 ## - PUBLICACIÓN, DISTRIBUCIÓN, ETC.
Lugar de publicación, distribución, etc. París :
Nombre del editor, distribuidor, etc. Stock,
Fecha de publicación, distribución, etc. 1928 (
Lugar de fabricación/manufactura Abbeville :
Fabricante F. Paillart)
300 ## - DESCRIPCIÓN FÍSICA
Extensión XI, 251 p. ;
Dimensiones 19 cm.
490 1# - MENCIÓN DE SERIE
Mención de serie Le cabinet cosmopolite
490 1# - MENCIÓN DE SERIE
Mención de serie Bibliothèque scandinave
700 1# - ENTRADA AGREGADA--NOMBRE PERSONAL
Nombre de persona La Chesnais, Pierre Georget,
Fechas asociadas al nombre 1865-1948
9 (RLIN) 70386
830 0# - PUNTO DE ACCESO ADICIONAL DE SERIE-TÍTULO UNIFORME
Título uniforme Le cabinet cosmopolite
9 (RLIN) 184129
830 0# - PUNTO DE ACCESO ADICIONAL DE SERIE-TÍTULO UNIFORME
Título uniforme Bibliothèque scandinave
9 (RLIN) 184111
852 ## - LOCALIZACIÓN
Ubicación ES-MaACL
Número de control de estantería A-2230
Holdings
Estatus retirado Estado de pérdida Estado de daño No para préstamo Biblioteca de origen Biblioteca actual Ubicación en estantería Fecha de adquisición Fuente de adquisición Total de préstamos Signatura topográfica completa Código de barras Visto por última vez Precio de reemplazo Tipo de ítem Koha
        Biblioteca del Ateneo de Madrid Biblioteca del Ateneo de Madrid Sala Pecera Planta 1 17/01/2008     A-2230 1061717 23/02/2023 23/02/2023 Libro impreso